000 01399nac a22003611i 4500
003 EG-ScBUE
005 20250601091135.0
008 101011t1999 nyuab f be 001 0 eng d
020 _a0816031231 (set : alk. paper)
020 _a0816034591 (volume 1 : alk. paper)
020 _a0816034605 (volume 2 : alk. paper)
020 _a0816034613 (volume 3 : alk. paper)
040 _aEG-ScBUE
_beng
_erda
_cEG-ScBUE
_dEG-ScBUE
082 0 4 _a503
_bVOL
_222
100 1 _aVolti, Rudi,
_eauthor.
_920285
245 1 4 _aThe facts on file encyclopedia of science, technology, and society /
_cRudi Volti.
246 3 0 _aEncyclopedia of science, technology, and society
246 3 0 _aScience, technology, and society
264 1 _aNew York, NY :
_bFacts on File, Inc.,
_c[1999]
264 4 _cc1999
300 _a3 volumes :
_billustrations, maps ;
_c29 cm
336 _2rdacontent
_atext
_btxt
337 _aunmediated
_2rdamedia
_bn
338 _avolume
_bnc
_2rdacarrier
504 _aIncludes bibliographical references and index.
505 0 _aVolume 1. A-D -- Volume 2. E-N -- Volume 3. O-Z.
650 7 _aScience
_vEncyclopedias.
_920286
_2BUEsh
650 7 _aTechnology
_vEncyclopedias.
_920287
_2BUEsh
650 7 _aScience
_xSocial aspects
_vEncyclopedias.
_920288
_2BUEsh
650 7 _aTechnology
_xSocial aspects
_vEncyclopedias.
_920289
_2BUEsh
655 _vReading book
942 _cREFERENCE
_2ddc
999 _c9641
_d9641